000 00307nam a2200133Ia 4500
005 20251222142030.0
008 251222s9999||||xx |||||||||||||| ||spa||
020 _a84-301-1349-5
082 _a234.3/T46
100 _aTheissen, Gerd
245 0 _aEl Jesús Histórico:
264 _bSigueme
942 _cLIB
999 _c10939
_d10939